[Event "IX Floripa Chess Open Fort Atacadista"]
[Site "Florianópolis - Santa Catari"]
[Date "2023.01.27"]
[Round "8.197"]
[White "Paniago, Lucio Erloiny Silva"]
[Black "Silva, Diego Augusto De S."]
[Result "1-0"]
[WhiteElo "1529"]
[BlackElo "1715"]
[PlyCount "99"]
[EventDate "2023.01.23"]
[EventRounds "10"]
[EventCountry "BRA"]

1. d4 Nf6 2. c4 e5 3. dxe5 Ng4 4. Nf3 Nc6 5. Bf4 Bb4+ 6. Nbd2 Qe7 7. a3 Ngxe5
8. Nxe5 Nxe5 9. Bxe5 Bxd2+ 10. Qxd2 Qxe5 11. Rd1 O-O 12. Qd4 Re8 13. e3 d6 14.
Be2 Qa5+ 15. Qd2 Qg5 16. Bf3 Rb8 17. Qc3 Qe5 18. Qd4 Qa5+ 19. Qd2 Qxd2+ 20.
Rxd2 Be6 21. Bd5 Bxd5 22. Rxd5 Re5 23. Rxe5 dxe5 24. Ke2 Rd8 25. Rd1 Rxd1 26.
Kxd1 f5 27. Kd2 Kf7 28. Kd3 c5 29. b4 cxb4 30. axb4 Ke6 31. f3 g5 32. g3 h5 33.
f4 g4 34. Kc3 a6 35. Kb3 exf4 36. exf4 Kd6 37. Ka4 b6 38. Kb3 a5 39. c5+ bxc5
40. bxa5 Kd5 41. Kc3 Ke4 42. a6 Kf3 43. a7 Kg2 44. a8=Q+ Kxh2 45. Qd5 Kxg3 46.
Qxf5 h4 47. Qxc5 Kxf4 48. Qf2+ Kg5 49. Kd3 g3 50. Qf3 1-0

[Event "IX Floripa Chess Open Fort Atacadista"]
[Site "Florianópolis - Santa Catari"]
[Date "2023.01.27"]
[Round "8.198"]
[White "Santos, Mike Sperandio"]
[Black "Da Silva, Kauan Salvagni Tele"]
[Result "0-1"]
[WhiteElo "1811"]
[BlackElo "1498"]
[PlyCount "76"]
[EventDate "2023.01.23"]
[EventRounds "10"]
[EventCountry "BRA"]

1. e4 e6 2. d4 d5 3. Nd2 Nf6 4. e5 Nfd7 5. Bd3 c5 6. c3 Be7 7. Ne2 b6 8. Nf3
Ba6 9. Bc2 Nc6 10. Bd2 h6 11. Rc1 Rb8 12. O-O g5 13. Ne1 Bxe2 14. Qxe2 cxd4 15.
cxd4 Nxd4 16. Qg4 Nxc2 17. Rxc2 Nxe5 18. Qe2 Nc4 19. Nd3 Nxd2 20. Qxd2 Rc8 21.
Rfc1 Rxc2 22. Qxc2 O-O 23. Ne5 Bf6 24. Qe2 Qd6 25. Ng4 Bg7 26. Qf3 Qf4 27. Qd1
d4 28. g3 Qd6 29. Ne3 Qb8 30. Ng2 Rc8 31. h4 Rxc1 32. Qxc1 gxh4 33. Nxh4 d3 34.
Nf3 Qd8 35. Qd2 e5 36. Nh4 e4 37. Nf5 Qd7 38. Nxh6+ Kh7 0-1

[Event "IX Floripa Chess Open Fort Atacadista"]
[Site "Florianópolis - Santa Catari"]
[Date "2023.01.27"]
[Round "8.201"]
[White "Spieker, Otavio Schmidt"]
[Black "Moritz, Diego Homrich"]
[Result "0-1"]
[WhiteElo "1352"]
[BlackElo "1854"]
[PlyCount "126"]
[EventDate "2023.01.23"]
[EventRounds "10"]
[EventCountry "BRA"]

1. e4 e6 2. Qe2 g6 3. f4 Ne7 4. Nf3 Bg7 5. d3 d5 6. g3 b6 7. c3 Bb7 8. Bg2 Nd7
9. O-O O-O 10. g4 Nf6 11. exd5 Bxd5 12. h3 h5 13. Ne1 Qd7 14. Nd2 hxg4 15. hxg4
Bxg2 16. Qxg2 c5 17. Ne4 Rfe8 18. Nxf6+ Bxf6 19. Qh3 Bg7 20. Rf2 f5 21. g5 Kf7
22. Nf3 Rh8 23. Qg2 Nc6 24. Qf1 Rad8 25. Rd2 Qd5 26. Qg2 Rh5 27. Kf1 Rdh8 28.
Kf2 Rh1 29. Re2 Qd6 30. Re1 R1h3 31. Be3 Ne7 32. Rad1 Nd5 33. Rh1 Rxh1 34. Rxh1
Rxh1 35. Qxh1 Nxf4 36. Bxf4 Qxf4 37. Qe1 e5 38. Qe3 Qxe3+ 39. Kxe3 Ke6 40. Nh4
Kf7 41. Nf3 b5 42. Nh4 Bf8 43. Nf3 Ke6 44. Nh4 Be7 45. Nf3 a5 46. c4 bxc4 47.
dxc4 e4 48. Nh2 Bxg5+ 49. Ke2 Bf6 50. b3 Be5 51. Nf1 Bf4 52. Ne3 Bxe3 53. Kxe3
Ke5 54. Kd2 Kd4 55. Kc2 e3 56. Kb2 e2 57. Ka3 e1=Q 58. Kb2 Qb4 59. a3 Qc3+ 60.
Ka2 Kd3 61. Kb1 Qxb3+ 62. Ka1 Kc2 63. a4 Qb2# 0-1

[Event "IX Floripa Chess Open Fort Atacadista"]
[Site "Florianópolis - Santa Catari"]
[Date "2023.01.27"]
[Round "8.202"]
[White "Rodrigues, Julliano De Araujo"]
[Black "Oliveira, Isaac Rodrigues"]
[Result "0-1"]
[WhiteElo "1819"]
[BlackElo "1356"]
[PlyCount "76"]
[EventDate "2023.01.23"]
[EventRounds "10"]
[EventCountry "BRA"]

1. e4 c5 2. Nf3 d6 3. d4 cxd4 4. Nxd4 Nf6 5. Nc3 a6 6. h3 e6 7. g4 h6 8. Bg2
Be7 9. Be3 Nbd7 10. Qd2 Ne5 11. b3 Rb8 12. O-O b5 13. f4 Ned7 14. Nc6 Qc7 15.
Nxb8 Qxb8 16. Ne2 Bb7 17. Ng3 O-O 18. Rac1 Rd8 19. c4 Nc5 20. Qc2 Rc8 21. cxb5
Ncxe4 22. Qb1 Nxg3 23. Rxc8+ Qxc8 24. Rc1 Ne2+ 25. Kf2 Nxc1 26. Bxb7 Qxb7 27.
bxa6 Qxa6 28. Bxc1 Nd5 29. Bd2 Bh4+ 30. Kf3 Qa7 31. Qf1 Qxa2 32. Qd3 Qa7 33.
Qe2 Qb7 34. Qe4 Qxb3+ 35. Ke2 Qxh3 36. Qc4 Qxg4+ 37. Kd3 Qd1 38. f5 Bg5 0-1

[Event "IX Floripa Chess Open Fort Atacadista"]
[Site "Florianópolis - Santa Catari"]
[Date "2023.01.27"]
[Round "8.203"]
[White "Lahoz, Cassiano"]
[Black "Silva, Henrique Brasil Bar"]
[Result "1/2-1/2"]
[WhiteElo "1724"]
[BlackElo "1325"]
[PlyCount "56"]
[EventDate "2023.01.23"]
[EventRounds "10"]
[EventCountry "BRA"]

1. e4 c6 2. Nf3 d5 3. Nc3 dxe4 4. Nxe4 Nf6 5. Nxf6+ exf6 6. Be2 Bd6 7. b3 O-O
8. Bb2 Re8 9. O-O Bg4 10. h3 Bxf3 11. Bxf3 Nd7 12. d4 f5 13. Qd3 Qg5 14. Bc1
Bf4 15. Bxf4 Qxf4 16. Rad1 Rad8 17. Qd2 Qh4 18. Rfe1 Ne5 19. Qc3 Nxf3+ 20. Qxf3
Rxe1+ 21. Rxe1 Qxd4 22. Qxf5 g6 23. Qf3 Qd7 24. Qe2 Kf8 25. Qe5 Kg8 26. Qe2 Kf8
27. Qe5 Kg8 28. Qe2 Kf8 1/2-1/2

[Event "IX Floripa Chess Open Fort Atacadista"]
[Site "Florianópolis - Santa Catari"]
[Date "2023.01.27"]
[Round "8.204"]
[White "Melo, Sergio Roberto Samp"]
[Black "Calsing, Enzo Guedes"]
[Result "0-1"]
[WhiteElo "1580"]
[BlackElo "1316"]
[PlyCount "46"]
[EventDate "2023.01.23"]
[EventRounds "10"]
[EventCountry "BRA"]

1. Nf3 d5 2. b3 Nf6 3. Bb2 c5 4. d4 Nc6 5. e3 Bg4 6. Be2 e6 7. O-O cxd4 8. Nxd4
Bxe2 9. Qxe2 Nxd4 10. Bxd4 Be7 11. Nd2 O-O 12. c4 a6 13. Rac1 Rc8 14. cxd5 Nxd5
15. Nc4 Bf6 16. Rfd1 Bxd4 17. exd4 b5 18. Ne5 Nc3 19. Qd2 Nxd1 20. Rxd1 Qd5 21.
h3 Rc7 22. Qf4 Rfc8 23. Kh2 Qd6 0-1

[Event "IX Floripa Chess Open Fort Atacadista"]
[Site "Florianópolis - Santa Catari"]
[Date "2023.01.27"]
[Round "8.205"]
[White "Fugimoto, Rafael Aoki"]
[Black "Bashtavenko, Aleksey"]
[Result "1/2-1/2"]
[WhiteElo "1317"]
[BlackElo "1569"]
[PlyCount "79"]
[EventDate "2023.01.23"]
[EventRounds "10"]
[EventCountry "BRA"]

1. d4 Nf6 2. Bf4 d6 3. e3 g6 4. Nf3 Bg7 5. c4 b6 6. Nc3 Bb7 7. Be2 Nbd7 8. h3
O-O 9. O-O Ne4 10. Qc2 Ndf6 11. Nd2 Nxc3 12. Qxc3 c5 13. a4 Ne4 14. Nxe4 Bxe4
15. a5 Qc7 16. Rfd1 Qc6 17. f3 Bf5 18. axb6 Qxb6 19. Ra3 cxd4 20. exd4 Rfb8 21.
b3 Qb4 22. Qb2 a5 23. Qa2 Qc3 24. d5 Bd4+ 25. Kh1 Bc5 26. Bd2 Qc2 27. Ra4 Bd3
28. Qxc2 Bxc2 29. Rc1 Bf5 30. Rxa5 Rxa5 31. Bxa5 Rxb3 32. Bc3 Rb1 33. Rxb1 Bxb1
34. Kh2 Kf8 35. Kg3 Ke8 36. Kf4 f6 37. g4 Bf2 38. g5 fxg5+ 39. Kxg5 Be3+ 40.
Kg4 1/2-1/2

[Event "IX Floripa Chess Open Fort Atacadista"]
[Site "Florianópolis - Santa Catari"]
[Date "2023.01.27"]
[Round "8.206"]
[White "Gusmao, Pablo Da Silva"]
[Black "Arosteguy, Vitor Augusto Colac"]
[Result "1-0"]
[WhiteElo "1563"]
[BlackElo "1286"]
[PlyCount "35"]
[EventDate "2023.01.23"]
[EventRounds "10"]
[EventCountry "BRA"]

1. e4 e5 2. Nc3 Nf6 3. Bc4 Bc5 4. d3 h6 5. f4 d6 6. h3 Be6 7. Bb3 Nbd7 8. Nf3
exf4 9. Bxf4 Bxb3 10. axb3 Nf8 11. Na4 Ne6 12. Bd2 Nd4 13. Nxc5 dxc5 14. O-O
Nxf3+ 15. Qxf3 Qd4+ 16. Be3 Qxb2 17. Bxc5 b6 18. e5 1-0

[Event "IX Floripa Chess Open Fort Atacadista"]
[Site "Florianópolis - Santa Catari"]
[Date "2023.01.27"]
[Round "8.207"]
[White "Carmo, Jose Arlindo"]
[Black "Sombrio, Otto De Henrique"]
[Result "1/2-1/2"]
[WhiteElo "1562"]
[BlackElo "1239"]
[PlyCount "59"]
[EventDate "2023.01.23"]
[EventRounds "10"]
[EventCountry "BRA"]

1. e4 c5 2. Nf3 d6 3. d4 cxd4 4. Nxd4 Nf6 5. Nc3 Nc6 6. Be2 e5 7. Ndb5 a6 8.
Na3 b5 9. Nd5 Be7 10. Be3 O-O 11. Nb6 Rb8 12. Nxc8 Rxc8 13. f3 Qc7 14. c3 Rfd8
15. c4 b4 16. Nc2 a5 17. O-O Nd7 18. b3 Nc5 19. Qd2 Bf6 20. Rad1 Qe7 21. Rf2
Ne6 22. g4 Bg5 23. Bxg5 Qxg5 24. Qxg5 Nxg5 25. Kg2 Ne6 26. Kg3 Ncd4 27. Rd2 Ra8
28. Bd1 Rd7 29. h4 Nc6 30. g5 1/2-1/2

[Event "IX Floripa Chess Open Fort Atacadista"]
[Site "Florianópolis - Santa Catari"]
[Date "2023.01.27"]
[Round "8.208"]
[White "Guerreiro, Heitor Koffermann"]
[Black "Ricci, Lucas Estremes"]
[Result "0-1"]
[WhiteElo "1313"]
[BlackElo "1559"]
[PlyCount "84"]
[EventDate "2023.01.23"]
[EventRounds "10"]
[EventCountry "BRA"]

1. d4 Nf6 2. Nc3 d5 3. Bg5 Nbd7 4. e3 h6 5. Bh4 c6 6. Bd3 e5 7. dxe5 Nxe5 8.
Nf3 Nxd3+ 9. Qxd3 Be7 10. h3 O-O 11. O-O Re8 12. Bg3 b5 13. Nd4 Bb7 14. Rad1 b4
15. Nce2 Ne4 16. c4 Nxg3 17. Nxg3 Qb6 18. b3 dxc4 19. bxc4 Rad8 20. Qb3 c5 21.
Ndf5 Bf8 22. Rxd8 Rxd8 23. Rd1 g6 24. Nh4 Bg7 25. Nf3 a5 26. Rxd8+ Qxd8 27. Nf1
Bxf3 28. gxf3 Qg5+ 29. Ng3 h5 30. f4 Qe7 31. Qa4 h4 32. Nf1 Qe6 33. Qxa5 Qxc4
34. Qa4 Qe6 35. Qa5 Bf8 36. Kh2 c4 37. Nd2 c3 38. Nb3 Qc6 39. Qe5 Qf3 40. Qd4
Qxf2+ 41. Kh1 Qf3+ 42. Kg1 Qg3+ 0-1

[Event "IX Floripa Chess Open Fort Atacadista"]
[Site "Florianópolis - Santa Catari"]
[Date "2023.01.27"]
[Round "8.209"]
[White "Mesquita, Victor Noronha"]
[Black "Nobre, Jose Adalberto Barb"]
[Result "1/2-1/2"]
[WhiteElo "1289"]
[BlackElo "1542"]
[PlyCount "25"]
[EventDate "2023.01.23"]
[EventRounds "10"]
[EventCountry "BRA"]

1. e4 c5 2. Nc3 Nc6 3. f4 g6 4. Nf3 Bg7 5. Bb5 e6 6. d3 Nge7 7. O-O O-O 8. Qe1
d5 9. Bxc6 Nxc6 10. e5 a6 11. Qf2 b6 12. a3 f6 13. exf6 1/2-1/2

[Event "IX Floripa Chess Open Fort Atacadista"]
[Site "Florianópolis - Santa Catari"]
[Date "2023.01.27"]
[Round "8.210"]
[White "De Souza, Joao Francisco Biz"]
[Black "Bokhonok, Tatiana Dos Santos "]
[Result "1/2-1/2"]
[WhiteElo "1249"]
[BlackElo "1539"]
[PlyCount "73"]
[EventDate "2023.01.23"]
[EventRounds "10"]
[EventCountry "BRA"]

1. Nf3 Nf6 2. b3 d5 3. Bb2 c5 4. e3 a6 5. d3 Bg4 6. Be2 Nc6 7. Nbd2 e6 8. h3
Bh5 9. Nf1 Bd6 10. c4 d4 11. exd4 cxd4 12. N1d2 Bb4 13. O-O Bg6 14. a3 Bc3 15.
Bxc3 dxc3 16. Nb1 Nd4 17. Nxd4 Qxd4 18. Qc2 Rd8 19. Rd1 Nd7 20. Qxc3 Qxc3 21.
Nxc3 Nc5 22. Ra2 O-O 23. b4 Nb3 24. Rb2 Nd4 25. Bf1 Nc6 26. b5 axb5 27. Nxb5
Rd7 28. d4 Rfd8 29. Rbd2 Ne7 30. Be2 Be4 31. Nc3 Bc6 32. Bd3 g6 33. Bc2 Kg7 34.
f3 Nc8 35. Kf2 Nb6 36. Bb3 Ra8 37. a4 1/2-1/2

[Event "IX Floripa Chess Open Fort Atacadista"]
[Site "Florianópolis - Santa Catari"]
[Date "2023.01.27"]
[Round "8.211"]
[White "Tischler Lema Garcia, Maria Eduarda"]
[Black "Oliveira, Sara Beatris Silva"]
[Result "0-1"]
[WhiteElo "1246"]
[BlackElo "1535"]
[PlyCount "63"]
[EventDate "2023.01.23"]
[EventRounds "10"]
[EventCountry "BRA"]

1. c4 e5 2. d3 Nc6 3. e3 Nf6 4. Be2 Bc5 5. Nf3 d5 6. cxd5 Nxd5 7. O-O O-O 8. a3
Bg4 9. h3 Bh5 10. b4 Bb6 11. Qc2 a6 12. Nc3 Re8 13. Rd1 Kh8 14. Nxd5 Qxd5 15.
Bb2 Rad8 16. Qc3 f6 17. Rac1 e4 18. dxe4 Qxe4 19. Nd2 Qd5 20. e4 Qg5 21. Nf3
Bxf3 22. Qxf3 Rd2 23. Bc3 Nd4 24. Bxd4 Rxd4 25. Re1 Rdxe4 26. Rcd1 Rf4 27. Qh5
Bxf2+ 28. Kh1 Qxh5 29. Bxh5 Rxe1+ 30. Kh2 Rxd1 31. Bxd1 Rd4 32. Bf3 0-1

[Event "IX Floripa Chess Open Fort Atacadista"]
[Site "Florianópolis - Santa Catari"]
[Date "2023.01.27"]
[Round "8.212"]
[White "Esquinelato, Marcos Vinicius Mol"]
[Black "Mayara Sibowicz, Giovanna"]
[Result "0-1"]
[WhiteElo "1237"]
[BlackElo "1528"]
[PlyCount "80"]
[EventDate "2023.01.23"]
[EventRounds "10"]
[EventCountry "BRA"]

1. e4 e5 2. Nf3 Nc6 3. Bb5 Bc5 4. c3 d6 5. h3 a6 6. Ba4 Bd7 7. O-O Ba7 8. d3 f5
9. exf5 Bxf5 10. d4 exd4 11. Nxd4 Bd7 12. Re1+ Nge7 13. Bg5 Ne5 14. Nf5 Bxa4
15. Qxa4+ b5 16. Qh4 Nxf5 17. Bxd8 Nxh4 18. Bxh4 O-O 19. Nd2 Rf7 20. Re2 Raf8
21. Rf1 h6 22. Kh2 Ng6 23. Bg3 Nf4 24. Bxf4 Rxf4 25. f3 b4 26. cxb4 Rxb4 27. b3
Bd4 28. Rfe1 Be5+ 29. g3 Bc3 30. Kg2 Rd4 31. Rd1 Rd3 32. f4 Rf5 33. Re8+ Kf7
34. Re2 Rfd5 35. Ne4 Rxd1 36. Nxc3 R1d2 37. Rxd2 Rxd2+ 38. Kf1 Rc2 39. Nd5 c5
40. a4 Rb2 0-1

[Event "IX Floripa Chess Open Fort Atacadista"]
[Site "Florianópolis - Santa Catari"]
[Date "2023.01.27"]
[Round "8.213"]
[White "Gomes, Joao Paulo Santos"]
[Black "Marcal Braganca, Joao Victor"]
[Result "1-0"]
[WhiteElo "1492"]
[BlackElo "1235"]
[PlyCount "77"]
[EventDate "2023.01.23"]
[EventRounds "10"]
[EventCountry "BRA"]

1. c4 Nf6 2. g3 g6 3. Bg2 Bg7 4. Nc3 O-O 5. e4 d6 6. Nge2 Nc6 7. O-O e5 8. d3
Ne8 9. Be3 Ne7 10. Rb1 c5 11. b4 b6 12. b5 Bb7 13. Qc2 f5 14. Nd5 fxe4 15. dxe4
Nxd5 16. cxd5 a6 17. Nc3 Nc7 18. Rfe1 Qe8 19. Bf1 axb5 20. Nxb5 Nxb5 21. Rxb5
Qd8 22. Reb1 Ra6 23. R5b3 Ra7 24. Rxb6 Bc8 25. R1b2 h5 26. Qb1 Ra8 27. Rc6 Bg4
28. Rbb6 Qf6 29. Rxd6 Qf3 30. Rxg6 Ra3 31. Bxc5 Rf7 32. Rb3 Rxb3 33. axb3 Kh7
34. Rc6 h4 35. Qd3 hxg3 36. hxg3 Rf6 37. Qxf3 Bxf3 38. Rxf6 Bxf6 39. Bg2 1-0

[Event "IX Floripa Chess Open Fort Atacadista"]
[Site "Florianópolis - Santa Catari"]
[Date "2023.01.27"]
[Round "8.214"]
[White "Pimentel, Lucas Dos Santos"]
[Black "Da Costa, Evelyn Maria Fuck"]
[Result "1-0"]
[WhiteElo "1470"]
[BlackElo "1220"]
[PlyCount "105"]
[EventDate "2023.01.23"]
[EventRounds "10"]
[EventCountry "BRA"]

1. d4 d5 2. Nf3 Nf6 3. Bf4 c5 4. c3 Nc6 5. e3 Qb6 6. Qb3 c4 7. Qxb6 axb6 8.
Nbd2 b5 9. Be2 b4 10. O-O bxc3 11. bxc3 e6 12. h3 Ra3 13. Rfc1 Bd7 14. e4 h6
15. Ne5 Be7 16. Rc2 Na7 17. Nxd7 Kxd7 18. Be5 Kc6 19. Bxf6 Bxf6 20. Bf3 b5 21.
exd5+ exd5 22. Nf1 Nc8 23. Ne3 Nb6 24. Rb1 Bg5 25. Rcb2 Bxe3 26. fxe3 Ra5 27.
e4 Rb8 28. exd5+ Nxd5 29. a4 Kd6 30. Bxd5 Kxd5 31. Rxb5+ Raxb5 32. Rxb5+ Rxb5
33. axb5 f5 34. Kf2 g5 35. Kf3 h5 36. h4 gxh4 37. Kf4 h3 38. gxh3 h4 39. Kxf5
Kd6 40. Kf6 Kd5 41. Ke7 Ke4 42. b6 Kd3 43. b7 Kxc3 44. b8=Q Kd2 45. d5 c3 46.
Qh2+ Kc1 47. d6 c2 48. d7 Kb1 49. d8=Q Ka1 50. Qa5+ Kb1 51. Qb4+ Ka1 52. Qa3+
Kb1 53. Qb8# 1-0

[Event "IX Floripa Chess Open Fort Atacadista"]
[Site "Florianópolis - Santa Catari"]
[Date "2023.01.27"]
[Round "8.215"]
[White "Mendes, Ana Beatriz Dias Gu"]
[Black "Favaretto, Felipe Della Preve"]
[Result "1-0"]
[WhiteElo "1464"]
[BlackElo "1207"]
[PlyCount "111"]
[EventDate "2023.01.23"]
[EventRounds "10"]
[EventCountry "BRA"]

1. e4 c6 2. d4 d5 3. exd5 cxd5 4. Bd3 Nf6 5. h3 e6 6. Nf3 b6 7. Bf4 Bd6 8. Ne5
O-O 9. c3 Ba6 10. O-O Bxd3 11. Qxd3 Qc7 12. Bh2 Nbd7 13. f4 Ne4 14. Nd2 Ndf6
15. Rac1 Nxd2 16. Qxd2 Ne4 17. Qe3 f5 18. Nf3 b5 19. Rfe1 a5 20. Nd2 Rac8 21.
Kh1 h6 22. Nb3 Ra8 23. Rf1 Qc4 24. Ra1 a4 25. Nd2 Qc7 26. Qe2 b4 27. Rac1 bxc3
28. bxc3 Ba3 29. Rc2 Qd7 30. c4 Nxd2 31. Rxd2 dxc4 32. Qxc4 Rfc8 33. Qd3 Bb4
34. Rdd1 Rc3 35. Qe2 Rac8 36. Rf2 Kf7 37. Qh5+ Kg8 38. Qe2 Rc1 39. Rdf1 Rxf1+
40. Rxf1 Ra8 41. Bg1 Kf7 42. Be3 g6 43. Rd1 Rc8 44. Qb2 Be7 45. Bd2 Qd5 46. Rb1
Rc4 47. Be3 Rb4 48. Qc2 Rxb1+ 49. Qxb1 Kf6 50. Qc2 Qb5 51. Kh2 Qb4 52. d5 exd5
53. Qc6+ Kf7 54. Qxd5+ Kf8 55. Bd4 Bf6 56. Bc5+ 1-0

[Event "IX Floripa Chess Open Fort Atacadista"]
[Site "Florianópolis - Santa Catari"]
[Date "2023.01.27"]
[Round "8.216"]
[White "Rahn, Marlon Cristiano"]
[Black "Fernandini, Felipe Piacente"]
[Result "0-1"]
[WhiteElo "1226"]
[BlackElo "1451"]
[PlyCount "48"]
[EventDate "2023.01.23"]
[EventRounds "10"]
[EventCountry "BRA"]

1. e4 c5 2. Nf3 d6 3. Bc4 Nf6 4. d3 Nc6 5. c3 g6 6. Bg5 Bg7 7. Nbd2 O-O 8. O-O
a6 9. Bb3 b5 10. Bc2 Rb8 11. Re1 b4 12. c4 Nd7 13. Qc1 Nde5 14. h3 f5 15. exf5
Bxf5 16. Nxe5 Nxe5 17. Ne4 Bxh3 18. f4 Qc8 19. fxe5 Qg4 20. Qd2 Bxe5 21. Bd1
Bd4+ 22. Kh1 Qd7 23. gxh3 Qxh3+ 24. Qh2 Rf1+ 0-1

[Event "IX Floripa Chess Open Fort Atacadista"]
[Site "Florianópolis - Santa Catari"]
[Date "2023.01.27"]
[Round "8.217"]
[White "De Bortolo, Paulo Ricardo"]
[Black "Ribeiro, Erica De Jesus"]
[Result "1/2-1/2"]
[WhiteElo "1800"]
[BlackElo "1445"]
[PlyCount "96"]
[EventDate "2023.01.23"]
[EventRounds "10"]
[EventCountry "BRA"]

1. e4 e6 2. d4 d5 3. exd5 exd5 4. Bd3 Bd6 5. Nc3 c6 6. Nge2 Ne7 7. O-O O-O 8.
Bf4 Bf5 9. Re1 Re8 10. Bxd6 Qxd6 11. Ng3 Bxd3 12. Qxd3 Nd7 13. Re2 Nf6 14. f3
Ng6 15. Rae1 Rxe2 16. Ncxe2 Re8 17. Qd2 Qe6 18. Kf1 Qd7 19. c3 Nh4 20. Qf4 Ng6
21. Qf5 Kf8 22. Qxd7 Nxd7 23. Kf2 Nf6 24. Nf5 Re6 25. Ne3 Re8 26. g3 Re6 27.
Nc1 Ne8 28. Nd3 b6 29. Ng4 Rxe1 30. Kxe1 f6 31. Ke2 Ke7 32. Ke3 Kd7 33. Nf4
Nxf4 34. Kxf4 Nd6 35. h4 Ke6 36. Ne3 g6 37. g4 h6 38. a4 a5 39. b3 Nf7 40. c4
Nd8 41. Nc2 Nf7 42. Ke3 Nd6 43. cxd5+ Kxd5 44. Kd3 Ke6 45. b4 Nb7 46. Kc4 Nd6+
47. Kd3 Nb7 48. Kc4 Nd6+ 1/2-1/2

[Event "IX Floripa Chess Open Fort Atacadista"]
[Site "Florianópolis - Santa Catari"]
[Date "2023.01.27"]
[Round "8.218"]
[White "De Souza, Samuel De Deus"]
[Black "Santana, Expedito"]
[Result "0-1"]
[WhiteElo "1800"]
[BlackElo "1421"]
[PlyCount "78"]
[EventDate "2023.01.23"]
[EventRounds "10"]
[EventCountry "BRA"]

1. e4 c6 2. Nf3 d5 3. Nc3 dxe4 4. Nxe4 Nd7 5. d4 Ngf6 6. Ng3 e6 7. Bc4 Be7 8.
Bf4 O-O 9. O-O Re8 10. Re1 Nf8 11. Qd2 Ng6 12. Bg5 Nd5 13. Bxe7 Qxe7 14. Rad1
Qb4 15. Qxb4 Nxb4 16. a3 Nd5 17. Nf1 b6 18. Ne3 Bb7 19. Re2 Rac8 20. g3 c5 21.
Bb3 Ndf4 22. gxf4 Bxf3 23. Red2 Bxd1 24. Rxd1 Nxf4 25. Nc4 Red8 26. c3 cxd4 27.
Re1 dxc3 28. bxc3 b5 29. Na5 Rxc3 30. Bd1 Rxa3 31. Nc6 Rd6 32. Ne5 Ra1 33. Nxf7
Kxf7 34. Bh5+ Nxh5 35. Rxa1 a6 36. Kg2 b4 37. Kf3 b3 38. Rb1 Rb6 39. Kg4 Nf6+
0-1

[Event "IX Floripa Chess Open Fort Atacadista"]
[Site "Florianópolis - Santa Catari"]
[Date "2023.01.27"]
[Round "8.219"]
[White "Monteiro, Samuel Ramazzotte"]
[Black "Coutinho, Lucas Buss Soares"]
[Result "1-0"]
[WhiteElo "1385"]
[BlackElo "1099"]
[PlyCount "51"]
[EventDate "2023.01.23"]
[EventRounds "10"]
[EventCountry "BRA"]

1. e4 e6 2. d4 d5 3. exd5 exd5 4. c3 Nf6 5. Nf3 Bg4 6. Bg5 h6 7. Bh4 Nbd7 8.
Bd3 Nb6 9. O-O Be7 10. Nbd2 Qd7 11. Qc2 O-O 12. Ne5 Qc8 13. h3 Be6 14. f4 Nbd7
15. f5 Nxe5 16. dxe5 Bd7 17. exf6 gxf6 18. Rae1 Re8 19. Rxe7 Rxe7 20. Bxf6 Re8
21. Qd1 Kh7 22. Qh5 Rf8 23. Bg5 f6 24. Qxh6+ Kg8 25. Qg6+ Kh8 26. Rf4 1-0

[Event "IX Floripa Chess Open Fort Atacadista"]
[Site "Florianópolis - Santa Catari"]
[Date "2023.01.27"]
[Round "8.224"]
[White "Makowski, Silvia Cristina"]
[Black "Maba, Mateus Dos Passos"]
[Result "0-1"]
[WhiteElo "1059"]
[BlackElo "1690"]
[PlyCount "70"]
[EventDate "2023.01.23"]
[EventRounds "10"]
[EventCountry "BRA"]

1. e4 c5 2. Nf3 Nc6 3. c3 g6 4. d4 cxd4 5. cxd4 d6 6. Be3 Bg7 7. Be2 Nf6 8. h3
Nxe4 9. Nc3 Nxc3 10. bxc3 Bd7 11. Rb1 Qc7 12. O-O O-O 13. Qd2 e5 14. Bh6 Ne7
15. Bxg7 Kxg7 16. Rfd1 Bf5 17. dxe5 dxe5 18. Rb5 Nc6 19. Nh4 Be6 20. Qg5 f6 21.
Qg3 Rad8 22. Nf3 b6 23. Rb2 Ne7 24. Nd4 Bf7 25. Nb5 Rxd1+ 26. Bxd1 Qd7 27. Bf3
a6 28. Na3 Qa4 29. Nc2 b5 30. Nb4 a5 31. Nc6 Nd5 32. Bxd5 Bxd5 33. Ne7 Be6 34.
Rd2 Qa3 35. Rd3 Qxe7 0-1

[Event "IX Floripa Chess Open Fort Atacadista"]
[Site "Florianópolis - Santa Catari"]
[Date "2023.01.27"]
[Round "8.226"]
[White "Biazon, Heloise De Oliveira"]
[Black "Ludtke, Ezequiel Rodrigues"]
[Result "0-1"]
[WhiteElo "1773"]
[BlackElo "1538"]
[PlyCount "92"]
[EventDate "2023.01.23"]
[EventRounds "10"]
[EventCountry "BRA"]

1. d4 d5 2. Bf4 e6 3. e3 Bd6 4. Bg3 c6 5. Bd3 Nf6 6. Nf3 Bc7 7. O-O Nbd7 8. c3
b6 9. Nbd2 Bb7 10. c4 O-O 11. Qb3 Nh5 12. Bh4 Qc8 13. Qc2 h6 14. c5 Ba6 15.
Bh7+ Kh8 16. Rfe1 Nhf6 17. Bd3 Bxd3 18. Qxd3 b5 19. e4 dxe4 20. Nxe4 Nd5 21. g3
Rg8 22. Nd6 Bxd6 23. cxd6 g5 24. Ne5 Nxe5 25. Rxe5 f6 26. Re2 gxh4 27. Qd2 Rg6
28. Kh1 hxg3 29. fxg3 Qd7 30. Qd3 Kg7 31. Rae1 f5 32. Rf2 Qxd6 33. Rg1 Nb4 34.
Qe3 Nxa2 35. Qe5+ Qxe5 36. dxe5 c5 37. h3 Rg8 38. g4 fxg4 39. hxg4 a5 40. Rfg2
Nb4 41. g5 hxg5 42. Rxg5 Rxg5 43. Rxg5+ Kf7 44. Rg2 Nd3 45. b3 Nxe5 46. Re2 Nd7
0-1

[Event "IX Floripa Chess Open Fort Atacadista"]
[Site "Florianópolis - Santa Catari"]
[Date "2023.01.27"]
[Round "8.227"]
[White "De Souza, Felipe De Deus"]
[Black "Koinski, Carlos Cesar"]
[Result "0-1"]
[WhiteElo "1800"]
[BlackElo "1450"]
[PlyCount "76"]
[EventDate "2023.01.23"]
[EventRounds "10"]
[EventCountry "BRA"]

1. e4 c5 2. Nc3 (2. c3 e6) 2... e6 3. Nf3 a6 4. d4 cxd4 5. Nxd4 Nc6 6. Be3 Nge7
7. Qd2 Ng6 8. Bc4 Nge5 (8... Nce5) 9. Be2 Bb4 10. Nxc6 Nxc6 11. Bd4 e5 12. Be3
Qf6 13. a3 Be7 14. Nd5 Qd6 15. Nb6 Qxd2+ 16. Bxd2 (16. Kxd2 Rb8) 16... Rb8 17.
f4 Bc5 18. Nxc8 Rxc8 19. fxe5 Nxe5 20. Bc3 f6 21. Bxe5 fxe5 22. O-O-O Rf8 23.
Rhf1 Rxf1 24. Rxf1 b5 (24... Rd8 25. Kd2 Ke7 (25... b5 26. a4 Rb8 27. axb5 axb5
) 26. a4 Rb8) 25. Rd1 Ke7 26. a4 Rb8 (26... Re8) 27. axb5 axb5 28. Rd5 d6 29.
b4 Bxb4 30. Rxb5 Rxb5 31. Bxb5 Kf6 32. Kb2 Kg5 33. c3 Bc5 34. Kb3 Kf4 35. Bd3
Ke3 36. Bc4 Kf2 37. Ka4 Kxg2 38. Kb5 Kxh2 0-1